<?xml version="1.0" encoding="UTF-8"?>
<resp>
  <nextPage>https://data.bn.org.pl/api/networks/bibs.marcxml?marc=001+b1000000536161&amp;sinceId=1000000536162</nextPage>
  <collection>
    <record xmlns='http://www.loc.gov/MARC21/slim'><leader>01790nkm a2200517 i 4500</leader><controlfield tag='001'>b1000000536161</controlfield><controlfield tag='005'>20251216080801.8</controlfield><controlfield tag='007'>kj#ao##</controlfield><controlfield tag='008'>200319s1830    xx nnn            anzxx c</controlfield><controlfield tag='009'>9911351917405606</controlfield><datafield ind1=' ' ind2=' ' tag='035'><subfield code='a'>(PL)b1000000536161</subfield></datafield><datafield ind1=' ' ind2=' ' tag='040'><subfield code='a'>WA N</subfield><subfield code='c'>WA N</subfield><subfield code='d'>WA N</subfield></datafield><datafield ind1=' ' ind2=' ' tag='046'><subfield code='k'>1830~</subfield><subfield code='2'>edtf</subfield></datafield><datafield ind1='0' ind2='0' tag='245'><subfield code='a'>[Gniewosz z Dalewic odszczekuje oszczerstwa przeciw królowej Jadwidze].</subfield></datafield><datafield ind1=' ' ind2=' ' tag='260'><subfield code='c'>[po 1830].</subfield></datafield><datafield ind1=' ' ind2=' ' tag='300'><subfield code='a'>1 grafika :</subfield><subfield code='b'>litografia;</subfield><subfield code='c'>kompozycja 9,9x13,2 cm.</subfield></datafield><datafield ind1=' ' ind2=' ' tag='336'><subfield code='a'>Obraz</subfield><subfield code='b'>sti</subfield><subfield code='2'>rdacontent</subfield></datafield><datafield ind1=' ' ind2=' ' tag='337'><subfield code='a'>Bez urządzenia pośredniczącego</subfield><subfield code='b'>n</subfield><subfield code='2'>rdamedia</subfield></datafield><datafield ind1=' ' ind2=' ' tag='338'><subfield code='a'>Arkusz</subfield><subfield code='b'>nb</subfield><subfield code='2'>rdacarrier</subfield></datafield><datafield ind1=' ' ind2=' ' tag='380'><subfield code='a'>Grafiki</subfield></datafield><datafield ind1='1' ind2=' ' tag='388'><subfield code='a'>1801-1900</subfield></datafield><datafield ind1=' ' ind2=' ' tag='500'><subfield code='a'>Tytuł nadany przez katalogującego.</subfield></datafield><datafield ind1=' ' ind2=' ' tag='500'><subfield code='a'>Litografia według ryciny Antoniego i Władysława Oleszczyńskich.</subfield></datafield><datafield ind1='0' ind2='7' tag='600'><subfield code='a'>Jadwiga</subfield><subfield code='c'>(królowa Polski ;</subfield><subfield code='d'>1374-1399)</subfield><subfield code='2'>DBN</subfield></datafield><datafield ind1='0' ind2='7' tag='600'><subfield code='a'>Gniewosz z Dalewic</subfield><subfield code='d'>(?-1406)</subfield><subfield code='2'>DBN</subfield></datafield><datafield ind1=' ' ind2='7' tag='648'><subfield code='a'>1301-1400</subfield><subfield code='2'>DBN</subfield></datafield><datafield ind1=' ' ind2='7' tag='650'><subfield code='a'>Sztuka gotycka</subfield><subfield code='2'>DBN</subfield></datafield><datafield ind1=' ' ind2='7' tag='650'><subfield code='a'>Średniowiecze</subfield><subfield code='2'>DBN</subfield></datafield><datafield ind1=' ' ind2='7' tag='651'><subfield code='a'>Polska</subfield><subfield code='2'>DBN</subfield></datafield><datafield ind1=' ' ind2='7' tag='655'><subfield code='a'>Litografia</subfield><subfield code='2'>DBN</subfield></datafield><datafield ind1=' ' ind2='7' tag='655'><subfield code='a'>Scena historyczna</subfield><subfield code='2'>DBN</subfield></datafield><datafield ind1='1' ind2=' ' tag='700'><subfield code='a'>Oleszczyński, Władysław</subfield><subfield code='d'>(1808-1866)</subfield><subfield code='e'>Autor wzoru.</subfield></datafield><datafield ind1='1' ind2=' ' tag='700'><subfield code='a'>Oleszczyński, Antoni</subfield><subfield code='d'>(1794-1879)</subfield><subfield code='e'>Autor wzoru</subfield></datafield><datafield ind1=' ' ind2=' ' tag='852'><subfield code='b'>48OMNIS_NETWORK</subfield><subfield code='8'>9911351917405606</subfield></datafield><datafield ind1=' ' ind2=' ' tag='852'><subfield code='b'>48OMNIS_NLOP</subfield><subfield code='8'>991052619596905066</subfield></datafield><datafield ind1=' ' ind2=' ' tag='852'><subfield code='8'>22609057930005066</subfield><subfield code='j'>0</subfield><subfield code='h'>Neg.75507</subfield><subfield code='b'>BN_PL</subfield><subfield code='p'>888a0550090</subfield><subfield code='c'>bamf</subfield></datafield><datafield ind1=' ' ind2=' ' tag='852'><subfield code='8'>22609057990005066</subfield><subfield code='j'>1</subfield><subfield code='h'>G.4339/I</subfield><subfield code='b'>BN_PL</subfield><subfield code='p'>888a0550082</subfield><subfield code='c'>bikon</subfield></datafield></record>
  </collection>
</resp>
